Vista normal
Vista MARC
Entrada Personal Name
Número de registros utilizados en: 10
001 - CONTROL NUMBER
- control field: 521
003 - CONTROL NUMBER IDENTIFIER
- control field: OSt
005 - DATE AND TIME OF LATEST TRANSACTION
- control field: 20110804102309.0
008 - FIXED-LENGTH DATA ELEMENTS
- fixed length control field: 110804|||a|||||| | ||| d
040 ## - CATALOGING SOURCE
- Original cataloging agency: OSt
- Transcribing agency: OSt
100 ## - HEADING--PERSONAL NAME
- Personal name: Dolin, Raphael .
670 ## - SOURCE DATA FOUND
- Source citation: Work cat.: (OSt)109: Mandell, Gerald L. 519, Mandell, Douglas y Bennett. Enfermedades infecciosas. Principios y prácticas. v.2 / , 2004.